Music Quiz

Random Music or Album Quiz

Zeppelin Album Minefield Quiz Stats

 Plays Quiz not verified by Sporcle

Score 0/9 Timer 02:00
0 Plays Today
% Correct
Led Zeppelin 2
94.5%
Led Zeppelin
94.1%
Led Zeppelin 3
93.7%
Physical Graffiti
92.9%
Houses of the Holy
92.9%
Led Zeppelin Utd. (4)
89.7%
In through the Out Door
89.7%
Coda
87.4%
Presence
83%

You're not logged in!

Compare scores with friends on all Sporcle quizzes.
OR
Log In

Sporcle TV

Today on Sporcle TV


Watch our educational content, quiz creation guides, and fun videos on Sporcle TV.

Show Comments

Extras

Top Quizzes Today


Score Distribution

Your Account Isn't Verified!

In order to create a playlist on Sporcle, you need to verify the email address you used during registration. Go to your Sporcle Settings to finish the process.

Report this User

Report this user for behavior that violates our Community Guidelines.

Details: